The Statesman's year-book - a statistical, political and economic account of the states of the world for the year 1996-1 (Record no. 11989)

MARC details
000 -LEADER
fixed length control field 00591nam a2200169Ia 4500
003 - CONTROL NUMBER IDENTIFIER
control field IN-BaIIA
008 - FIXED-LENGTH DATA ELEMENTS--GENERAL INFORMATION
fixed length control field 211028s9999 xx 000 0 eng d
020 ## - INTERNATIONAL STANDARD BOOK NUMBER
International Standard Book Number 0-333-65573-7
040 ## - CATALOGING SOURCE
Transcribing agency IIA Library
080 ## - UNIVERSAL DECIMAL CLASSIFICATION NUMBER
Universal Decimal Classification number 058(100)
Item number HUN
245 #4 - TITLE STATEMENT
Title The Statesman's year-book - a statistical, political and economic account of the states of the world for the year 1996-1
Statement of responsibility, etc. edited by B. Hunter
260 ## - PUBLICATION, DISTRIBUTION, ETC.
Place of publication, distribution, etc. London
Name of publisher, distributor, etc. Macmillan
Date of publication, distribution, etc. 1996
300 ## - PHYSICAL DESCRIPTION
Extent lix, 1698p
650 ## - SUBJECT ADDED ENTRY--TOPICAL TERM
Topical term or geographic name entry element Statesman's Yearbook
9 (RLIN) 20848
700 ## - ADDED ENTRY--PERSONAL NAME
Personal name Hunter,B., ed.
9 (RLIN) 20849
942 ## - ADDED ENTRY ELEMENTS (KOHA)
Koha item type Books
Holdings
Withdrawn status Lost status Damaged status Not for loan Home library Current library Shelving location Date acquired Source of acquisition Cost, normal purchase price Total Checkouts Full call number Barcode Date last seen Cost, replacement price Price effective from Koha item type Purchase Price
        IIA Library-Bangalore IIA Library-Bangalore General Stacks 30/12/1996 SSB 2954.70   058(100)/HUN 12905 05/11/2021 2954.70 30/12/1996 Books Rs. 2954.70

Powered by Koha